| 000 | 01215nam a2200253 a 4500 | ||
|---|---|---|---|
| 008 | 070710s1998 ||||||||||||||||| || u | ||
| 020 | _a9991131213 | ||
| 050 | _aHQ 1800 Cha | ||
| 100 | _aMapetla, Matseliso | ||
| 245 | 1 | 0 |
_aChanging gender relations in Southern Africa: issues of urban life _cedited by Anita Larsson;Matseliso Mapetla;Ann Schlyter |
| 260 |
_aRoma, Lesotho _bInstitute of Southern African Studies, National University of Lesotho _c1998 |
||
| 300 | _a336p. | ||
| 350 | _a0.00 | ||
| 650 | _aURBAN WOMEN--AFRICA, SOUTHERN | ||
| 650 | _aURBAN WOMEN--HOUSING--AFRICA, SOUTHERN | ||
| 650 | _aWOMEN IN DEVELOPMENT--AFRICA, SOUTHERN | ||
| 650 | _aSEX ROLE--AFRICA, SOUTHERN | ||
| 650 | _aURBANIZATION--SOCIAL ASPECTS--AFRICA, SOUTHERN | ||
| 650 | _aURBAN WOMEN--AFRICA, SOUTHERN--ECONOMIC CONDITIONS | ||
| 700 | _aLarsson, Anita | ||
| 700 | _aSchlyter, Ann | ||
| 995 |
_aMAIN LIBRARY OPEN ACCESS _D0.00 _e737908 _FCBU-MAIN LIBRARY (Kitwe) _H1 _I0.00 _jHQ 1800 CHA _M2 _UAVAILABLE _WJul 10, 2007 _y55461 _ZMain Library Open Access Collection |
||
| 995 |
_aMAIN LIBRARY OPEN ACCESS _D0.00 _e730533 _FCBU-MAIN LIBRARY (Kitwe) _H1 _I16.75 _jHQ 1800 CHA _M1 _UAVAILABLE _y027624 _ZMain Library Open Access Collection |
||
| 999 |
_c78149 _d78149 |
||